Statistics for Most Populated Indian States

Click here to take the quiz!

General Stats

  • This quiz has been taken 6 times
  • The average score is 14 of 16

Answer Stats

HintAnswer% Correct
73mMadhya Pradesh
100%
112mMaharashtra
100%
69mRajasthan
100%
200mUttar Pradesh
100%
828/km2Uttar Pradesh
100%
91mWest Bengal
100%
1,029/km2West Bengal
100%
104mBihar
83%
1,102/km2Bihar
83%
61mKarnataka
83%
859/km2Kerala
83%
72mTamil Nadu
83%
555/km2Tamil Nadu
83%
414/km2Jharkhand
67%
573/km2Haryana
50%
551/km2Punjab
50%

Score Distribution

Percentile by Number Answered

Percent of People with Each Score

Your Score History

You have not taken this quiz